Central Library, Doon University
WEBOPAC (ONLINE PUBLIC ACCESS CATALOGUE)

Computer Application in Business (Record no. 60748)

MARC details
000 -LEADER
fixed length control field 00460nam a22001817a 4500
005 - DATE & TIME
control field 20260511121439.0
008 - FIXED-LENGTH DATA ELEMENTS--GENERAL INFORMATION
fixed length control field 260511b |||||||| |||| 00| 0 eng d
020 ## - ISBN
International Standard Book Number 9788121912006
Price 325.00
040 ## - CATALOGING SOURCE
Original cataloging agency Doon University
041 ## - Language
Language English
082 ## - DDC NUMBER
Classification number 658.05
Book Number PAR
100 ## - MAIN ENTRY--PERSONAL NAME
Personal name Parameswaran, R.
245 ## - TITLE STATEMENT
Title Computer Application in Business
260 ## - PUBLICATION, DISTRIBUTION, ETC. (IMPRINT)
Place of publication, distribution, etc Noida
Name of publisher, distributor, etc S .Chand
Date of publication, distribution, etc 2024
300 ## - PHYSICAL DESCRIPTION
Pages 300
650 ## - Subject
Subject Economics (PM USHA)
942 ## - ADDED ENTRY ELEMENTS (KOHA)
Koha item type Books
100 ## - MAIN ENTRY--PERSONAL NAME
-- 26766
650 ## - Subject
-- 26774
952 ## - LOCATION AND ITEM INFORMATION (KOHA)
-- 2026-05-11
952 ## - LOCATION AND ITEM INFORMATION (KOHA)
-- 2026-05-11
952 ## - LOCATION AND ITEM INFORMATION (KOHA)
-- 2026-05-11
952 ## - LOCATION AND ITEM INFORMATION (KOHA)
-- 2026-05-11
952 ## - LOCATION AND ITEM INFORMATION (KOHA)
-- 2026-05-11
Holdings
Withdrawn status Lost status Source of classification or shelving scheme Damaged status Not for loan Location (home branch) Sublocation or collection (holding branch) Date acquired Koha full call number Accession No. Koha date last seen Koha item type Koha issues (times borrowed)
        Not For Loan Doon University Doon University 11.05.2026 658.05 PAR 33182 11.05.2026 Reference  
          Doon University Doon University 11.05.2026 658.05 PAR 33183 11.05.2026 Books  
          Doon University Doon University 11.05.2026 658.05 PAR 33184 11.05.2026 Books  
          Doon University Doon University 11.05.2026 658.05 PAR 33185 11.05.2026 Books  
          Doon University Doon University 11.05.2026 658.05 PAR 33186 11.05.2026 Books  
Contact : +91-135-2533126 (Library),+91-135-2533105 (Admin Office) , Email : doonlibrary@gmail.com

Powered by Koha